Datum a čas kvízu
39.5
Celkem bodů
Celkový počet nahraných bodů na tomto kvízu bez doplňovacích otázek.
2.
Pořadí na kvízu
Konečné umístění týmu na tomto kvízu.
Zaznamenané odpovědi
| # | Otázka | Odpověď | Body | Výsledky |
|---|---|---|---|---|
| 1. | Úředník obce Včelná na Českobu... | Proti Adamu Vojtěchovi. | 1 | |
| 2. | Jak se jmenuje latinskoamerick... | Haiti | 1 | |
| 3. | Na filmovém festivalu ve franc... | Jodie Fosterová | 1 | |
| 4. | Jak se jmenuje britský miliard... | Richard Branson | 1 | |
| 5. | Španělský obránce Sergio Ramos... | v Paris Saint-Germain/PSG | 1 | |
| 6. | Letošní turnaj byl výjimečný v... | Ázerbájdžán, Rumunsko | 0.5 | |
| 7. | Patrik Schick vstřelil na turn... | Chorvatska | 1 | |
| 8. | Přiřaďte týmy k jejich umístěn... | 1C 2D 3B 4A | 1 | |
| 9. | Za půl bodu napište jméno česk... | Tomáš Holeš, číslo 9 | 1 | |
| 10. | Neuvěřitelné štěstí měl sázkař... | C | 0 |